Inverse and improperly posed problems in differential equations : proceedings of the Conference on Mathematical and Numerical Methods held in Halle, Saale (GDR) from May 29 to June 2, 1979 /

Guardado en:
Autor Corporativo: Conference on Mathematical and Numerical Methods Halle an der Saale, Germany)
Otros Autores: Anger, Gottfried. (Editor )
Formato: Libro
Idioma:English
German
Publicado: Berlin : Akademie-Verlag, 1979.
Series:Mathematical research ; Bd. 1.
Materias:
Etiquetas: Agregar Etiqueta
Sin Etiquetas, Sea el primero en etiquetar este registro!
LEADER 01260cam a2200277 a 4500
001 MAT.inmabb005978
008 810211s1979####gw#a#####b####100#0#eng##
005 20160530121836.0
245 1 0 |a Inverse and improperly posed problems in differential equations :  |b proceedings of the Conference on Mathematical and Numerical Methods held in Halle, Saale (GDR) from May 29 to June 2, 1979 /  |c ed. by Gottfried Anger. 
260 |a Berlin :  |b Akademie-Verlag,  |c 1979. 
300 |a 296 p. :  |b il. ;  |c 24 cm. 
490 1 |a Mathematical research = Mathematische Forschung ;  |v Bd. 1 
500 |a English or German. 
504 |a Incluye referencias bibliográficas. 
510 4 |a MR,  |c 80d:35004 
111 2 |a Conference on Mathematical and Numerical Methods  |d (1979 :  |c Halle an der Saale, Germany) 
700 1 |a Anger, Gottfried.  |4 edt 
830 0 |a Mathematical research ;  |v Bd. 1. 
650 0 |a Inverse problems (Differential equations)  |x Congresses. 
650 0 |a Differential equations, Partial  |x Improperly posed problems  |x Congresses. 
650 0 |a Boundary value problems  |x Improperly posed problems  |x Congresses. 
084 |a 35-06 (65-06)  |2 msc2000 
010 |a  81453307  
040 |a DLC  |c DLC  |d DLC 
041 0 |a eng  |a ger 
859 |h 35  |i C748-1979  |p A-4811  |b BIB. MATEMATICA